The effect of seeding date in heading time in some medium duration rice varieties, ឥទ្ធិពលនៃកាលបរិច្ឆេទដាំដុះទៅលើពេលវេលាចេញផ្ការបស់ពូជស្រូវកណ្កាលមួយចំនួន (Record no. 1869)

000 -LEADER
fixed length control field 00652nam a22001577a 4500
003 - CONTROL NUMBER IDENTIFIER
control field OSt
005 - DATE AND TIME OF LATEST TRANSACTION
control field 20151004095847.0
008 - FIXED-LENGTH DATA ELEMENTS--GENERAL INFORMATION
fixed length control field 151004b xxu||||| |||| 00| 0 eng d
040 ## - CATALOGING SOURCE
Transcribing agency RUA
082 ## - DEWEY DECIMAL CLASSIFICATION NUMBER
Classification number AGR SUO 2000 B022 Or.1
100 ## - MAIN ENTRY--PERSONAL NAME
9 (RLIN) 1978
Personal name SUON, SOVANN
245 ## - TITLE STATEMENT
Title The effect of seeding date in heading time in some medium duration rice varieties, ឥទ្ធិពលនៃកាលបរិច្ឆេទដាំដុះទៅលើពេលវេលាចេញផ្ការបស់ពូជស្រូវកណ្កាលមួយចំនួន
260 ## - PUBLICATION, DISTRIBUTION, ETC. (IMPRINT)
Place of publication, distribution, etc. Phnom Penh
Name of publisher, distributor, etc. RUA
Date of publication, distribution, etc. 2000
300 ## - PHYSICAL DESCRIPTION
Extent 91p.
Other physical details ill.
Dimensions 29cm.
942 ## - ADDED ENTRY ELEMENTS (KOHA)
Source of classification or shelving scheme
Koha item type AGR
Holdings
Price effective from Date last seen Permanent Location Not for loan Date acquired Source of classification or shelving scheme Koha item type Barcode Lost status Damaged status Shelving location Withdrawn status Current Location Full call number
2015-10-042015-10-04Library Block B 2015-10-04 AGRRUA009602  B022 Library Block BAGR SUO 2000 B022 Or.1
មជ្ឈមណ្ឌលឯការនៃសាកលវិទ្យាល័យភូមិន្ទកសិកម្មចំការដូង

Powered by Koha